000 00874nam a22002537a 4500
003 OSt
005 20260414072957.0
008 260414b |||||||| |||| 00| 0 eng d
040 _bENG
_cbantam books
041 _aeng
050 _aPG 3456 .A19 .B7 1958
_b .B7 1958
100 _aChekhov, Anton Pavlovich,
_d1860-1904
240 _aPlays.
_lEnglish.
245 _aFour great plays /
_c Anton Chekhov ; translated by Constance Garnett.
250 _a1ST ED.
260 _a New York :
_bBantam Books,
_c1958.
300 _a244 Pages;
_c18cm
500 _aBantam Classics" edition.
505 _a The Seagull -- Uncle Vanya -- Three Sisters -- The Cherry Orchard.
650 _aRussian drama
_vTranslations into English.
650 _aEnglish drama
_vTranslations from Russian
700 _aGarnett, Constance,
_d1862-1946,
_etranslator.
942 _2lcc
_cBK
_e1st ed.
_n0
999 _c10062
_d10062